LA NUTRICION Y LA ALIMENTACION EN LA ACUICULTURA DE AMERICA LATINA Y EL CARIBE (Registro nro. 234564)
[ vista simple ]
| 000 -LEADER | |
|---|---|
| campo de control de longitud fija | 00529nam a2200205Ia 4500 |
| 005 - FECHA Y HORA DE LA ÚLTIMA TRANSACCIÓN | |
| campo de control | 20250425162709.0 |
| 008 - DATOS DE LONGITUD FIJA--INFORMACIÓN GENERAL | |
| campo de control de longitud fija | 250425s9999 xx 000 0 und d |
| 041 ## - CÓDIGO DE IDIOMA | |
| Código de lengua del texto/banda sonora o título independiente | spa |
| 043 ## - CÓDIGO DE ÁREA GEOGRÁFICA | |
| Código de área geográfica | it |
| 082 ## - NÚMERO DE LA CLASIFICACIÓN DECIMAL DEWEY | |
| Número de clasificación | 639.8 |
| 010 ## - NÚMERO DE CONTROL DE LA BIBLIOTECA DEL CONGRESO | |
| Número de control de LC | 97312 |
| 100 ## - ENTRADA PRINCIPAL--NOMBRE DE PERSONA | |
| Nombre de persona | MARTINEZ PALACIOS, CARLOS A. |
| 245 #0 - MENCIÓN DEL TÍTULO | |
| Título | LA NUTRICION Y LA ALIMENTACION EN LA ACUICULTURA DE AMERICA LATINA Y EL CARIBE |
| 250 ## - MENCION DE EDICION | |
| Mención de edición | S.E |
| 260 ## - PUBLICACIÓN, DISTRIBUCIÓN, ETC. | |
| Lugar de publicación, distribución, etc. | Italia |
| Nombre del editor, distribuidor, etc. | FAO |
| Fecha de publicación, distribución, etc. | 1993 |
| 260 ## - PUBLICACIÓN, DISTRIBUCIÓN, ETC. | |
| Lugar de publicación, distribución, etc. | ROMA |
| 650 ## - PUNTO DE ACCESO ADICIONAL DE MATERIA--TÉRMINO DE MATERIA | |
| Término de materia o nombre geográfico como elemento de entrada | ACUACULTURA |
| 700 ## - ENTRADA AGREGADA--NOMBRE PERSONAL | |
| Nombre de persona | CHAVEZ SANCHEZ, MA. CRISTINA |
| 942 ## - ELEMENTOS DE ENTRADA SECUNDARIOS (KOHA) | |
| Tipo de ítem Koha | Libros |
| Estatus retirado | Estado de pérdida | Estado de daño | No para préstamo | Biblioteca de origen | Biblioteca actual | Fecha de adquisición | Coste, precio normal de compra | Total de préstamos | Código de barras | Copia número |
|---|---|---|---|---|---|---|---|---|---|---|
| CENTRO NACIONAL DE INVESTIGACIONES MARINAS | CENTRO NACIONAL DE INVESTIGACIONES MARINAS | 04/03/2016 | 5.00 | D-81821 | 1 |